Dekompozícia ekonomického rastu slovenskej ekonomiky

Dekompozícia ekonomického rastu a rastové modely. Dekompozícia ekonomického rastu Slovenska v troch cykloch.

Guardado en:
Detalles Bibliográficos
Autor principal: Rozkošová, Anna
Otros Autores: Megyesiová, Silvia, 1969-, Závadský, Cyril, 1971-
Formato: Capítulo de libro
Lenguaje:eslovaco
Materias:
Etiquetas: Agregar Etiqueta
Sin Etiquetas, Sea el primero en etiquetar este registro!

MARC

LEADER 00000naa a2200000 4500
001 0248425
005 20240502073956.5
041 0 |a slo 
044 |a SK 
245 1 0 |a Dekompozícia ekonomického rastu slovenskej ekonomiky  |c Anna Rozkošová, Silvia Megyesiová, Cyril Závadský 
520 |a Dekompozícia ekonomického rastu a rastové modely. Dekompozícia ekonomického rastu Slovenska v troch cykloch. 
610 2 0 |a rast hospodársky 
610 2 0 |a dekompozícia 
610 2 0 |a Slovensko 
610 2 0 |a modely rastu 
610 2 0 |a ukazovatele makroekonomické 
100 1 |a Rozkošová, Anna 
700 1 |a Megyesiová, Silvia, 1969- 
700 1 |a Závadský, Cyril, 1971-